History Quiz

Random History or Quote Quiz

US presidential quotations acronymmed Quiz Stats

 Plays Quiz not verified by Sporcle

Score 0/12 Timer 12:00
0 Plays Today
Quote President % Correct
ANWYCDFYCAWYCDFYCKennedy
86.5%
RMLNNTBush
61.7%
TOTWHTFIFIRoosevelt
57.9%
IDNHSRWTWMLClinton
56.4%
TBSHTruman
51.9%
MGTDTWReagan
47.4%
AHDAICSLincoln
36.8%
SSACABSRoosevelt
34.6%
TJSLAdams
31.6%
YWHNTKAANixon
31.6%
BTOBush
30.8%
IIADPMIWCTOALTWTSAWJackson
26.3%

You're not logged in!

Compare scores with friends on all Sporcle quizzes.
OR
Log In

Show Comments

Extras

Top Quizzes Today


Score Distribution

Your Account Isn't Verified!

In order to create a playlist on Sporcle, you need to verify the email address you used during registration. Go to your Sporcle Settings to finish the process.

Report this User

Report this user for behavior that violates our Community Guidelines.

Details: